000 03329nam a22004095i 4500
001 978-3-031-38945-0
003 DE-He213
005 20250131131505.0
007 cr nn 008mamaa
008 230825s2023 sz | s |||| 0|eng d
020 _a9783031389450
_9978-3-031-38945-0
024 7 _a10.1007/978-3-031-38945-0
_2doi
040 _aKO
_beng
041 0 _aeng
082 0 4 _a387.5
_223
100 1 _aDjønne, Ketil.
_eauthor.
_4aut
_4http://id.loc.gov/vocabulary/relators/aut
245 1 4 _aThe Political Economy of Maritime Safety
_h[electronic resource] :
_bEU Regulation, Ship Classification, and the International Regime /
_cby Ketil Djønne.
250 _a1st ed. 2023.
264 1 _aCham :
_bSpringer Nature Switzerland :
_bImprint: Palgrave Macmillan,
_c2023.
300 _aXXI, 231 p. 20 illus., 1 illus. in color.
_bonline resource.
338 _aonline resource
490 1 _aPalgrave Studies in Maritime Economics,
_x2662-656X
505 0 _a1. Introduction -- 2. Amoco Cadiz and the early days of EC maritime regulation 37 -- 3. Braer and breakthrough for EU maritime engagement and regulation -- 4. Erika, a watershed in international maritime governance 95 -- 5. Prestige and near breakdown of the safety regime -- 6. From EU-IMO confrontation to constructive institutional interaction -- 7. EU maritime safety policy and the international regime, 1975-2015. Summing-up and conclusions.
520 _aThis book offers unique insight into the public and private governance of international shipping from the 1970s through to the 2010s. Focusing on the part played by maritime classification societies, it highlights the role played by the European Union during this time and its influence in creating transnational maritime regulations. The emergence of the Treaty of Rome and the European Parliament in enabling market liberalisation within the shipping industry on the one hand and more stringent maritime safety regulation on the other is examined, alongside the common transport policy and enforcement of international maritime rules. Particularly attention is given to the growth of the European Union's maritime presence, the establishment of the European Maritime Safety Agency, developments in flag state implementation, and relations between the International Maritime Organization and the European Union. This book presents a detailed guide to the European Union's role as a maritime safety regulator and the impact this has had on the shipping industry and its governance structure. It will be relevant to researchers and policymakers interested in maritime and transport economics as well as to students of European affairs and of international relations. Ketil Djønne has lifelong experience from the maritime industry and is a Political Scientist and Historian at the Department of Modern History and Society, Norwegian University of Science and Technology -NTNU.
650 0 _aShipping.
650 0 _aIndustrial policy.
650 0 _aTransportation.
650 1 4 _aMaritime Economics.
650 2 4 _aRegulation and Industrial Policy.
650 2 4 _aTransportation Economics.
830 0 _aPalgrave Studies in Maritime Economics,
_x2662-656X
856 4 0 _uhttps://doi.org/10.1007/978-3-031-38945-0
904 _aRUDRA_R
905 _aR_RANJAN
942 _2ddc
_cEB
999 _c3205
_d3205